| 000 | 00000nam 2200000zi 4500 |
| 001 | 9.903707 |
| 003 | CaOODSP |
| 005 | 20250228110505 |
| 006 | m o d f |
| 007 | cr cn||||||||| |
| 008 | 210928t20212021onca o f000 0 eng d |
| 020 | |a9780660404776 |
| 040 | |aCaOODSP|beng|erda|cCaOODSP |
| 041 | 0 |aeng|afre |
| 043 | |an-cn--- |
| 045 | |ay2y2 |
| 086 | 1 |aFC5-72/2021E-PDF |
| 245 | 00|aSurvey of Canadians' use of banking products and services : |bfinal report / |cprepared for the Financial Consumer Agency of Canada. |
| 264 | 1|aOttawa, ON : |bFinancial Consumer Agency of Canada = Agence de la consommation en matière financière du Canada, |c2021. |
| 264 | 4|c©2021 |
| 300 | |a1 online resource (105 pages) : |bcolour illustrations + |eexecutive summary (4 pages) |
| 336 | |atext|btxt|2rdacontent |
| 337 | |acomputer|bc|2rdamedia |
| 338 | |aonline resource|bcr|2rdacarrier |
| 500 | |aIssued also in French under title: L'enquête sur l'utilisation, par les Canadiens, des produits et services bancaires : rapport final. |
| 500 | |a"Supplier Name: Phoenix SPI." |
| 500 | |a"Contract Number: 5R000-200258-001-CY." |
| 500 | |a"Registration Number: POR 014-20." |
| 500 | |a"September 2021." |
| 500 | |aIssued also in HTML format. |
| 546 | |aText chiefly in English; includes some text in French. |
| 650 | 0|aBanks and banking|xCustomer services|zCanada|xPublic opinion. |
| 650 | 0|aBanks and banking|zCanada|xSafety measures|xPublic opinion. |
| 650 | 0|aCOVID-19 Pandemic, 2020-2023|xEconomic aspects|zCanada|xPublic opinion. |
| 650 | 0|aPublic opinion|zCanada. |
| 710 | 2 |aFinancial Consumer Agency of Canada, |eissuing body. |
| 710 | 2 |aPhoenix Strategic Perspectives Inc., |econsultant. |
| 775 | 08|tL'enquête sur l'utilisation, par les Canadiens, des produits et services bancaires : |w(CaOODSP)9.903708 |
| 856 | 40|qPDF|s3.63 MB|uhttps://publications.gc.ca/collections/collection_2021/acfc-fcac/FC5-72-2021-1-eng.pdf|z(final report) |
| 856 | 40|qPDF|s387 KB|uhttps://publications.gc.ca/collections/collection_2021/acfc-fcac/FC5-72-2021-2-eng.pdf|z(executive summary) |
| 856 | 4 |qHTML|sN/A|uhttps://epe.lac-bac.gc.ca/100/200/301/pwgsc-tpsgc/por-ef/financial_consumer_agency/2021/014-20-e/index-eng.html|z(final report) |
| 856 | 4 |qHTML|sN/A|uhttps://epe.lac-bac.gc.ca/100/200/301/pwgsc-tpsgc/por-ef/financial_consumer_agency/2021/014-20-e/summary/es-eng.html|z(executive summary) |